000
00228nam a22000977a 4500
003
OSt
008
211204b ||||| |||| 00| 0 eng d
100
_a
Basak, P
_9
5135
245
_a
Water resources development in K.A .U
942
_c
BK
999
_c
17482
_d
17482